Statistiken für Häufigste Nachnahmen in Japan

Klicken Sie hier um das Quiz zu spielen!

Allgemein

  • Dieses Quiz wurde 26 mal gespielt
  • Das Durchschnittsergebnis liegt bei 3 aus 10

Antwortstatistiken

Nachnamen% Korrekt
Sato
60%
Nakamura
40%
Suzuki
40%
Watanabe
36%
Saito
28%
Honda
20%
Kawasaki
12%
Izumi
8%
Miyamoto
8%
Hashimoto
4%

Verteilung der Resultate

Perzentil nach korrekt beantworteten Fragen

Anzahl Personen mit jedem Resultat

Ihre Resultats-Entwicklung

Sie haben dieses Quiz noch nicht gespielt